Smích, slzy a reklama

Televízna reklama s ohľadom na jej umiestnenie a čas. Vplyv televíznej reklamy vloženej do filmu na diváka. Hudba v televíznej reklame. Začlenenie reklamy do kontextu vysielaného filmu. Správny film, správny produkt.

Gespeichert in:
Bibliographische Detailangaben
1. Verfasser: Rafajová, Andrea
Format: Buchkapitel
Sprache:Tschechisch
Schlagworte:
Tags: Tag hinzufügen
Keine Tags, Fügen Sie das erste Tag hinzu!

MARC

LEADER 00000naa a2200000 4500
001 0160382
005 20231019100627.5
041 0 |a cze 
044 |a CZ 
245 1 0 |a Smích, slzy a reklama  |c Andrea Rafajová 
520 |a Televízna reklama s ohľadom na jej umiestnenie a čas. Vplyv televíznej reklamy vloženej do filmu na diváka. Hudba v televíznej reklame. Začlenenie reklamy do kontextu vysielaného filmu. Správny film, správny produkt. 
610 2 0 |a reklama 
610 2 0 |a televízia 
610 2 0 |a film 
610 2 0 |a správanie spotrebiteľa 
610 2 0 |a hudba 
610 2 0 |a emócie 
100 1 |a Rafajová, Andrea